| 000 | 00805nam a2200265 4500 | ||
|---|---|---|---|
| 003 | OSt | ||
| 005 | 20260601171003.0 | ||
| 008 | 260420b1975\\\\xxua||||\||||\00|\0\eng\d | ||
| 020 | _a0470601450 | ||
| 020 | _a0470601469 | ||
| 040 |
_aICI _bspa _cICI |
||
| 050 |
_aH61 _bM4 |
||
| 100 | 1 |
_a Michelson, William M _d1940 _931795 |
|
| 245 | 1 | _aBehavioral research methods in environmental design. | |
| 264 |
_bDowden, Hutchinson, & Ross, _c1975 _aStroudsburg, Pennsylvania : |
||
| 300 |
_a307 páginas _bilustraciones _c24 cm. |
||
| 336 |
_atexto _2rdacontent |
||
| 337 |
_asin medio _2rdamedia |
||
| 338 |
_avolumen _2rdacarrier |
||
| 650 | _2 Ecología humana | ||
| 650 |
_aDiseño industrial _915218 |
||
| 650 |
_aCiencias sociales _xMetodología _931796 |
||
| 650 |
_aUrbanismo _9788 |
||
| 942 |
_2lcc _cB |
||
| 999 |
_c20168 _d20168 |
||